1556 1557 1236 1355 1212 1293 1664 1478 1991 1987 1499 1906 1378 1051 1021 1282 1209 1609 1299 1311 1987 1845 1228 1652 1717 1444 1805 1751 1865 1848 1443 1463 1970 1097 1035 1781 1012 1673 1947 1460 1963 1880 1254 1950 1432 1004 1929 1527 1540 1167 1033 1598 1573 1286 1595 1183 1651 1324 1693 1023 1071 1000 1497 1899 1152 1613 1013 1231 1481 1106 1263 1632 1352 1819 1230 1169 1872 1302 1698 1405 1267 1035 1228 1868 1784 1784 1263 1962 1372 1659 1623 1905 1999 1863 1409 1546 1285 1957 1848 BCNSPRNW ULIB Ver.6.0+V

เปลี่ยนเป็นภาษาไทย

Change to English
 แสดงรายละเอียดบรรณานุกรม
  กลับหน้าหลัก

Brief Record : Get Marc (ISO 2709) : E-mail record : QR code < ปิดหน้าต่าง
LEADER : 00000nam 2200000uu 4500
001    13399122153
003     ULIB
008    130107s2555||||th 000 0 tha d
020    9786161113513
050  4 ^aBJ1481^bร243บ 2554
100 0  ^aระพี สาคริก
245 10 ^aบันทึกการเรียนรู้ /^cระพี สาคริก
260    ^aกรุงเทพฯ :^bพิมพ์ดี,^c2554
300    ^a102, (2) หน้า :^bภาพประกอบ,^c23 ซม.
600 04 ^aระพี สาคริก,^d2465-
600 04 ^aระพี สาคริก^xผลงาน
650  4 ^aการดำเนินชีวิต
945    ^p0^l0^i033372
945    ^p0^l0^i033373
945    ^p0^l0^i033374
945    ^p0^l0^i033375
945    ^p0^l0^i033376
995    ^a เกษร
999    ^aใช้งานได้ทุกระบบ
รายการนี้ยังไม่มีแท็ก
คุณยังไม่ได้ล็อกอิน คุณสามารถมีกิจกรรมร่วมกับเว็บไซต์ได้ แต่ต้องล็อกอินก่อน ::
  ล็อกอิน

รายการสื่อสารสนเทศ

ลำดับที่ ประเภท เลขเรียก/บาร์โค้ด สถานที่ สถานะ
1. การศึกษาทั่วไป
หนังสือสำรอง
สถานะ=หนังสือสำรอง
BJ1481 ร243บ 2554 ฉ.1 
  Barcode: 033372
ห้องสมุดวิทยาเขตสวรรค์ประชารักษ์
►หนังสือทั่วไป
บนชั้น
2. การศึกษาทั่วไป
การศึกษาทั่วไป
BJ1481 ร243บ 2554 ฉ.2 
  Barcode: 033373
ห้องสมุดวิทยาเขตสวรรค์ประชารักษ์
►หนังสือทั่วไป
บนชั้น
3. การศึกษาทั่วไป
การศึกษาทั่วไป
BJ1481 ร243บ 2554 ฉ.3 
  Barcode: 033374
ห้องสมุดวิทยาเขตสวรรค์ประชารักษ์
►หนังสือทั่วไป
บนชั้น
4. การศึกษาทั่วไป
การศึกษาทั่วไป
BJ1481 ร243บ 2554 ฉ.4 
  Barcode: 033375
ห้องสมุดวิทยาเขตสวรรค์ประชารักษ์
►หนังสือทั่วไป
ถูกยืม กำหนดส่งวันที่ 8 พฤษภาคม 2568
  จอง
5. การศึกษาทั่วไป
การศึกษาทั่วไป
BJ1481 ร243บ 2554 ฉ.5 
  Barcode: 033376
ห้องสมุดวิทยาเขตสวรรค์ประชารักษ์
►หนังสือทั่วไป
บนชั้น

รายการใกล้เคียง
    ผู้แต่ง [ระพี สาคริก]

    หัวเรื่อง [การดำเนินชีวิต]

BibComment


ยังไม่เคยถูกคอมเมนท์

คอมเมนท์ทรัพยากรรายการนี้
  คอมเมนท์: บันทึกการเรียนรู..


 Copyright 2026. Bcnsprnw @Library